soil aggregate stability and aggregate associated organic carbon in maize-based conservation agriculture cropping systems ,ស្ថិរភាពអាហ្រ្តីហ្គេត និងការបូនសរីរាង្គក្នុងអាហ្រ្គីហ្គេតដី ក្នុងប្រព័ន្ធដាំដុះដំណាំតាមកសិកម្មអភិរក្សដែលមានពោតជាមួលដ្ឋាន (Record no. 19247)
[ view plain ]
| 000 -LEADER | |
|---|---|
| fixed length control field | 00834nam a22001457a 4500 |
| 003 - CONTROL NUMBER IDENTIFIER | |
| control field | LRUA |
| 005 - DATE AND TIME OF LATEST TRANSACTION | |
| control field | 20200715100912.0 |
| 008 - FIXED-LENGTH DATA ELEMENTS--GENERAL INFORMATION | |
| fixed length control field | 200715b xxu||||| |||| 00| 0 eng d |
| 040 ## - CATALOGING SOURCE | |
| Transcribing agency | RUA |
| 082 ## - DEWEY DECIMAL CLASSIFICATION NUMBER | |
| Classification number | AGR HOU 2018 B433 Or.1 |
| 100 ## - MAIN ENTRY--PERSONAL NAME | |
| 9 (RLIN) | 14272 |
| Personal name | HOUN OUDDOM,ហួន ឧត្តម |
| 245 ## - TITLE STATEMENT | |
| Title | soil aggregate stability and aggregate associated organic carbon in maize-based conservation agriculture cropping systems ,ស្ថិរភាពអាហ្រ្តីហ្គេត និងការបូនសរីរាង្គក្នុងអាហ្រ្គីហ្គេតដី ក្នុងប្រព័ន្ធដាំដុះដំណាំតាមកសិកម្មអភិរក្សដែលមានពោតជាមួលដ្ឋាន |
| 260 ## - PUBLICATION, DISTRIBUTION, ETC. (IMPRINT) | |
| Place of publication, distribution, etc. | viii;27p; |
| Name of publisher, distributor, etc. | ill; |
| Date of publication, distribution, etc. | 29cm; |
| 942 ## - ADDED ENTRY ELEMENTS (KOHA) | |
| Source of classification or shelving scheme | |
| Koha item type | AGR |
| Price effective from | Date last seen | Permanent Location | Not for loan | Date acquired | Source of classification or shelving scheme | Koha item type | Lost status | Withdrawn status | Total Renewals | Date last checked out | Total Checkouts | Shelving location | Damaged status | Barcode | Current Location | Full call number |
|---|---|---|---|---|---|---|---|---|---|---|---|---|---|---|---|---|
| 2020-07-15 | 2020-07-15 | Library Block B | 2020-07-15 | AGR | B433 | A063465 | Library Block B | AGR HOU 2018 B433 Or.1 | ||||||||
| 2020-07-15 | 2020-07-15 | Library Block B | 2020-07-15 | AGR | B433 | A063285 | Library Block B | AGR HOU 2018 B433 Or.2 | ||||||||
| 2020-07-15 | 2023-08-15 | Library Block B | 2020-07-15 | AGR | 2023-07-19 | 1 | B433 | A063345 | Library Block B | AGR HOU 2018 B433 Or.3 | ||||||
| 2020-07-15 | 2023-10-25 | Library Block B | 2020-07-15 | AGR | 2023-09-29 | 1 | B433 | A063405 | Library Block B | AGR HOU 2018 B433 Or.4 | ||||||
| 2020-07-15 | 2022-12-21 | Library Block B | 2020-07-15 | AGR | 1 | 2022-11-22 | 1 | B433 | A063603 | Library Block B | AGR HOU 2018 B433 Or.5 | |||||
| 2020-07-15 | 2020-07-15 | Library Block B | 2020-07-15 | AGR | B433 | A063357 | Library Block B | AGR HOU 2018 B433 Or.6 |